GENETIC AND STATISTICAL ANALYSIS OF FOUNDER LINES IN RED DEER POPULATION

Bibliographic Details
Main Authors: Pokorádi, Jaroslav, 1976- (Author), Maršálková, Lenka (Author), Židek, Radoslav, 1978- (Author)
Format: Article
Language:English

MARC

LEADER 00000nab a2200000ua 4500
001 vtls010777293
003 SK-MaSNL
005 20260303201442.0
008 230222s2010 xo |||||||||||||||||eng|
035 |a (urnnbn)urn:nbn:sk:snk:ar-a0299u 
035 |a (uuid)0b2d9a7c-d97a-45ff-a8ae-2ddd57cf5551 
035 |a urn:nbn:sk:snk-ab4i72 
040 |a SNKBUCL  |b slo  |c SNKBUCL  |e AACR2 
041 0 |a eng 
044 |a xo  |c SK 
100 1 |a Pokorádi, Jaroslav,  |d 1976-  |4 aut  |9 234430 
245 1 0 |a GENETIC AND STATISTICAL ANALYSIS OF FOUNDER LINES IN RED DEER POPULATION  |c Jaroslav Pokorádi, Lenka Maršálková, Radoslav Židek 
246 3 |a GENETICKO - ŠTATISTICKÁ ANALÝZA ZAKLADATEĽSKÝCH LÍNIÍ V POPULÁCII JELEŇOVITÝCH 
700 1 |a Maršálková, Lenka  |4 aut  |9 661468 
700 1 |a Židek, Radoslav,  |d 1978-  |4 aut  |9 193148 
773 0 |t Acta fytotechnica et zootechnica : vedecký časopis pre fytotechniku a zootechniku  |g Roč. 13, č. 1 (2010), s. 24-28 
958 |a OND 
958 |a EUIPO 
958 |a article3 
999 |c 2174180  |d 2176110